1. und 2. Petrusbrief Judasbrief
Saved in:
| Main Author: | |
|---|---|
| Format: | Book |
| Language: | German |
| Published: |
Stuttgart
Katholisches Bibelwerk
1986
|
| Edition: | 2a. ed |
| Series: | Stuttgarter Kleiner Kommentar: Neues Testament, 16
|
| Subjects: | |
| Tags: |
Add Tag
No Tags, Be the first to tag this record!
|
MARC
| LEADER | 00000cam a2200000 a 4500 | ||
|---|---|---|---|
| 001 | UCE8182 | ||
| 003 | CL-VaPUC | ||
| 008 | 150728e19860000gw |||||||||||||||||ger|d | ||
| 020 | |a 3460154616 | ||
| 082 | 0 | 4 | |a 227.92 |b SEE |2 21 |
| 100 | 0 | |a Seethaler, Paula-Angelika |e author |9 580916 | |
| 245 | 1 | 0 | |a 1. und 2. Petrusbrief Judasbrief |
| 250 | |a 2a. ed | ||
| 300 | |a 152 p | ||
| 942 | |c BK | ||
| 945 | |d 20150728 02:04:00 |a gsalatino | ||
| 260 | |a Stuttgart |b Katholisches Bibelwerk |c 1986 | ||
| 650 | 0 | |a Evangelios |9 314864 | |
| 650 | 0 | |a Crítica e interpretación |9 255042 | |
| 650 | 0 | |a Cartas apostólicas |9 373744 | |
| 583 | |a last modification |c 20150728 02:04:00 |k Rodrigo Vera | ||
| 490 | 0 | |a Stuttgarter Kleiner Kommentar: Neues Testament, 16 | |
| 999 | |c 360121 |d 360119 | ||
| 952 | |0 0 |1 0 |3 erb |4 0 |6 227_920000000000000_SEE_1986 |7 0 |8 A |9 469763 |a BIBTEO |b BIBTEO |e Casale Rolle, Carlos Ignacio, -2014 |i 5181453 |o 227.92 SEE 1986 |p 5181453 |r 2025-01-17 |w 2019-11-23 |y BK |z Catalogado en:20150728 |k ICR | ||